Normal view
MARC view
Entry Personal Name
001 - CONTROL NUMBER
- control field: 45933
003 - CONTROL NUMBER IDENTIFIER
- control field: ARRUPE
005 - DATE AND TIME OF LATEST TRANSACTION
- control field: 20190424145743.0
008 - FIXED-LENGTH DATA ELEMENTS
- fixed length control field: 190424|| aca||aabn | a|a d
040 ## - CATALOGING SOURCE
- Original cataloging agency: ARRUPE
- Transcribing agency: ARRUPE
100 ## - HEADING--PERSONAL NAME
- Personal name: Sivananda, Swami
670 ## - SOURCE DATA FOUND
- Source citation: Work cat.: (ARRUPE): Sivananda, Swami , Enlightened Education, 1990